<?xml version="1.0" encoding="UTF-8"?>
<record
    xmlns:xsi="http://www.w3.org/2001/XMLSchema-instance"
    xsi:schemaLocation="http://www.loc.gov/MARC21/slim http://www.loc.gov/standards/marcxml/schema/MARC21slim.xsd"
    xmlns="http://www.loc.gov/MARC21/slim">

  <leader>01375cam a2200373 i 4500</leader>
  <controlfield tag="001">zz2005871061</controlfield>
  <controlfield tag="003">NUKAT</controlfield>
  <controlfield tag="005">20260418213326.0</controlfield>
  <controlfield tag="008">050824s1900    pl           |000 0 pol c</controlfield>
  <datafield tag="035" ind1=" " ind2=" ">
    <subfield code="a">(OCoLC)749679022</subfield>
  </datafield>
  <datafield tag="035" ind1=" " ind2=" ">
    <subfield code="a">(NUKAT)zz2005871061</subfield>
  </datafield>
  <datafield tag="040" ind1=" " ind2=" ">
    <subfield code="a">WA U/JS</subfield>
    <subfield code="c">WA U/JS</subfield>
    <subfield code="d">WA U/JL</subfield>
    <subfield code="d">GD PAN/GSz</subfield>
  </datafield>
  <datafield tag="100" ind1="1" ind2=" ">
    <subfield code="a">Tarnowski, Stanis&#x142;aw</subfield>
    <subfield code="d">(1837-1917).</subfield>
    <subfield code="9">2670</subfield>
  </datafield>
  <datafield tag="245" ind1="1" ind2="0">
    <subfield code="a">Historya literatury polskiej.</subfield>
    <subfield code="n">T. 5,</subfield>
    <subfield code="p">Wiek XIX. 1831-1850 /</subfield>
    <subfield code="c">St. Tarnowski.</subfield>
  </datafield>
  <datafield tag="246" ind1="1" ind2="3">
    <subfield code="a">Historia literatury polskiej</subfield>
  </datafield>
  <datafield tag="260" ind1=" " ind2=" ">
    <subfield code="a">Krak&#xF3;w :</subfield>
    <subfield code="b">Drukarnia "Czasu" pod zarz&#x105;dem J&#xF3;zefa &#x141;akoci&#x144;skiego,</subfield>
    <subfield code="c">1900.</subfield>
  </datafield>
  <datafield tag="300" ind1=" " ind2=" ">
    <subfield code="a">[6], 505 s. ;</subfield>
    <subfield code="c">22 cm.</subfield>
  </datafield>
  <datafield tag="336" ind1=" " ind2=" ">
    <subfield code="a">Tekst</subfield>
    <subfield code="b">txt</subfield>
    <subfield code="2">rdacontent</subfield>
  </datafield>
  <datafield tag="337" ind1=" " ind2=" ">
    <subfield code="a">Bez urz&#x105;dzenia po&#x15B;rednicz&#x105;cego</subfield>
    <subfield code="b">n</subfield>
    <subfield code="2">rdamedia</subfield>
  </datafield>
  <datafield tag="338" ind1=" " ind2=" ">
    <subfield code="a">Wolumin</subfield>
    <subfield code="b">nc</subfield>
    <subfield code="2">rdacarrier</subfield>
  </datafield>
  <datafield tag="380" ind1=" " ind2=" ">
    <subfield code="a">Ksi&#x105;&#x17C;ki</subfield>
  </datafield>
  <datafield tag="504" ind1=" " ind2=" ">
    <subfield code="a">Bibliogr. s. 486-501.</subfield>
  </datafield>
  <datafield tag="510" ind1="3" ind2=" ">
    <subfield code="a">PB</subfield>
  </datafield>
  <datafield tag="591" ind1=" " ind2=" ">
    <subfield code="a">Wsp&#xF3;&#x142;oprawne z: Historya literatury polskiej. T. 4 / St. Tarnowski, Krak&#xF3;w 1900.</subfield>
  </datafield>
  <datafield tag="648" ind1=" " ind2="7">
    <subfield code="a">1801-1900</subfield>
    <subfield code="2">DBN</subfield>
    <subfield code="9">36037</subfield>
  </datafield>
  <datafield tag="650" ind1=" " ind2="7">
    <subfield code="a">Literatura polska</subfield>
    <subfield code="2">DBN</subfield>
    <subfield code="9">34964</subfield>
  </datafield>
  <datafield tag="650" ind1=" " ind2="7">
    <subfield code="a">Literatura polska</subfield>
    <subfield code="y">19 w.</subfield>
    <subfield code="x">historia i krytyka.</subfield>
    <subfield code="2">kaba</subfield>
    <subfield code="9">35506</subfield>
  </datafield>
  <datafield tag="655" ind1=" " ind2="7">
    <subfield code="a">Literatura polska</subfield>
    <subfield code="2">DBN</subfield>
    <subfield code="9">40273</subfield>
  </datafield>
  <datafield tag="658" ind1=" " ind2=" ">
    <subfield code="a">Historia</subfield>
  </datafield>
  <datafield tag="658" ind1=" " ind2=" ">
    <subfield code="a">Literaturoznawstwo</subfield>
  </datafield>
  <datafield tag="710" ind1="2" ind2=" ">
    <subfield code="a">Drukarnia "Czasu" (Krak&#xF3;w).</subfield>
    <subfield code="4">prt</subfield>
    <subfield code="9">1286</subfield>
  </datafield>
  <datafield tag="787" ind1=" " ind2=" ">
    <subfield code="c">16217/4</subfield>
    <subfield code="t">Historya literatury polskiej. T. 4</subfield>
    <subfield code="w">zz2006801448 </subfield>
  </datafield>
  <datafield tag="942" ind1=" " ind2=" ">
    <subfield code="2">ddc</subfield>
    <subfield code="c">BK_NM</subfield>
  </datafield>
  <datafield tag="999" ind1=" " ind2=" ">
    <subfield code="c">27682</subfield>
    <subfield code="d">27682</subfield>
  </datafield>
  <datafield tag="952" ind1=" " ind2=" ">
    <subfield code="0">0</subfield>
    <subfield code="1">0</subfield>
    <subfield code="2">ddc</subfield>
    <subfield code="3">16127/5</subfield>
    <subfield code="4">0</subfield>
    <subfield code="7">0</subfield>
    <subfield code="8">PBKH</subfield>
    <subfield code="a">BIP</subfield>
    <subfield code="b">PBKH</subfield>
    <subfield code="d">2026-04-18</subfield>
    <subfield code="e">K-38/1965</subfield>
    <subfield code="f">K</subfield>
    <subfield code="i">16127/5</subfield>
    <subfield code="l">0</subfield>
    <subfield code="o">16127/5</subfield>
    <subfield code="p">IPWK23791</subfield>
    <subfield code="r">2026-04-18 21:35:33</subfield>
    <subfield code="w">2026-04-18</subfield>
    <subfield code="y">BK_NM</subfield>
  </datafield>
</record>
